| 000 | 01028nam a22002537a 4500 | ||
|---|---|---|---|
| 999 |
_c18805 _d18805 |
||
| 003 | AR-CdUCM | ||
| 008 | 190515b ||||| |||| 00| 0 spa d | ||
| 040 |
_aMUNICIPALIDAD PROVINCIAL DEL CUSCO _cBIBLIOTECA MUNICIPAL DEL CUSCO |
||
| 082 |
_a980 / _bP85 |
||
| 100 |
_aPreston Whitaker, Arthur _939621 |
||
| 245 | _aEstados Unidos y la independencia de América Latina ( 1800-1830) / | ||
| 260 |
_aBuenos Aires : _bEUDEBA, _c1964. |
||
| 300 |
_a477 paginas ; _c23 cm. |
||
| 440 |
_aBiblioteca de America _939622 |
||
| 500 | _aTitulo original : The United States and the independence of Latin America, 1800-1830 | ||
| 505 | _aContenido : Se abren las puertas de América Latina -- La gran política de 1808 -- Corrientes encontradas -- Estados Unidos mira hacia el sur... | ||
| 650 |
_aAmérica del sur _9742 |
||
| 650 |
_aAmérica Latina _91130 |
||
| 650 |
_aPolitica de 1808 _939623 |
||
| 650 |
_aInvasiones _939624 |
||
| 700 |
_aMazía, Floreal (Traducción) _911682 |
||
| 942 |
_2ddc _cLIBROS |
||
| 945 |
_awnts _d2019-05-15 |
||